000 00790nam a2200229Ii 4500
003 JO-AjNU
008 230605s9999||||xx |||||||||||||| ||und||
017 _a2012/5/1629
020 _a978-9957-09-525-3
040 _aJO-AjNU
_bara
_erda
_cJO-AjNU
041 _aara
050 1 4 _aLB2305 2013
100 3 _aالفريجات، غالب؛ تقديم هشام غضيب,
_eauthor
_949902
245 0 0 _aالتعليم الجامعي والتحديات التي تواجهه
250 _aط1
264 3 1 _aعمان: دار أزمنة للنشر والتوزيع، 2013
300 _a218ص
336 _atext
_btxt
_2rdacontent
337 _aunmediated
_bn
_2rdamedia
338 _avolume
_bnc
_2rdacarrier
650 4 _aالتعليم العالي - الجامعات - تحديات
_949903
999 _aA21948
_c25516
_d25516